Calidad total y normalización (Registro nro. 2821)

Detalles MARC
000 -LEADER
fixed length control field 01523 a2200253 4500
001 - CONTROL NUMBER
control field 37846
005 - DATE AND TIME OF LATEST TRANSACTION
control field 20260407155645.0
008 - FIXED-LENGTH DATA ELEMENTS--GENERAL INFORMATION
fixed length control field 260407a1994 arg spa d
003 - CONTROL NUMBER IDENTIFIER
control field AR-UNSa-BCEJYS
040 ## - CATALOGING SOURCE
Original cataloging agency AR-UNSa-BCEJYS
Language of cataloging spa
Transcribing agency AR-UNSa-BCEJYS
080 ## - UNIVERSAL DECIMAL CLASSIFICATION NUMBER
Universal Decimal Classification number 658.56
Common auxiliary subdivision Control de la calidad. Control de herramientas y material
020 ## - INTERNATIONAL STANDARD BOOK NUMBER
International Standard Book Number 84-8088-025-2
100 1# - MAIN ENTRY--PERSONAL NAME
Personal name Senlle, Andrés
245 10 - TITLE STATEMENT
Title Calidad total y normalización
Name of part/section of a work ISO 9000, las normas para la calidad en la práctica
264 #1 - PRODUCTION, PUBLICATION, DISTRIBUTION, MANUFACTURE, AND COPYRIGHT NOTICE
Place of production, publication, distribution, manufacture Barcelona :
Name of producer, publisher, distributor, manufacturer Gestión 2000
Date of production, publication, distribution, manufacture, or copyright notice 1994
300 ## - PHYSICAL DESCRIPTION
Extent 194 p.
Dimensions 26 cm.
505 ## - FORMATTED CONTENTS NOTE
Formatted contents note 1. La normalización nacional e internacional - 2. Normalización, homologación y certificación - 3. Sistemas de calidad - 4. Descripción de las normas - 5. Implementación de la calidad y el registro de empresas - 6. Auditoría de los sistemas de calidad - 7. El manual de la calidad - 8. El manual de procedimientos - 9. La relación proveedor- cliente - 10. Calidad y formación seguran el futuro - 11. Los estilos del mando - 12. Consejos de los expertos - 13. Chequeos y diagnósticos - 14. Terminología y conceptos fundamentales - 15. Costes de calidad y no calidad - 16. Las normas.Resumen y comentarios - 17. Calidad en los servicios - 18. Los premios a la calidad.
590 ## - LOCAL NOTE (RLIN)
Local note niveau_biblio:m niveau_hierar:0
650 ## - SUBJECT ADDED ENTRY--TOPICAL TERM
Topical term or geographic name entry element Normas ISO 9000
650 ## - SUBJECT ADDED ENTRY--TOPICAL TERM
Topical term or geographic name entry element normas iso 9000
700 1# - ADDED ENTRY--PERSONAL NAME
Personal name Stoll, Guillermo
856 41 - ELECTRONIC LOCATION AND ACCESS
Uniform Resource Identifier <a href="https://biblioeco.unsa.edu.ar/pmb/images/libros/L65208.jpg">https://biblioeco.unsa.edu.ar/pmb/images/libros/L65208.jpg</a>
Link text Imagen de portada
Electronic format type image/jpeg
942 ## - ADDED ENTRY ELEMENTS (KOHA)
Koha item type
Existencias
Withdrawn status Lost status Damaged status Not for loan Home library Current library Shelving location Date acquired Total checkouts Full call number Barcode Date last seen Price effective from Koha item type
        Biblioteca Prof. Eusebio Cleto del Rey Biblioteca Prof. Eusebio Cleto del Rey   07/04/2026   658.56 S474 L65208 07/04/2026 07/04/2026 Libro
        Biblioteca Prof. Eusebio Cleto del Rey Biblioteca Prof. Eusebio Cleto del Rey   07/04/2026   658.56 S474 L65207 07/04/2026 07/04/2026 Libro